|
|
|
|
| LEADER |
00000nam a2200000 a 4500 |
| 001 |
vtls001380394 |
| 003 |
SK-MaSNL |
| 005 |
20260301161351.0 |
| 008 |
240226s1999 xo ap r 0yy slo |
| 015 |
|
|
|a SNBA2000/03-00764
|
| 020 |
|
|
|a 8088946034
|
| 035 |
|
|
|a SNK000334386
|
| 035 |
|
|
|a urn:nbn:sk:snk-amyehg
|
| 035 |
|
|
|a urn:nbn:sk:snk-am00cf3c
|
| 035 |
|
|
|a 3AEF8E9C-6570-49EB-8ABB-814823165C82
|
| 040 |
|
|
|a SNK
|b slo
|c SNK
|e AACR2
|
| 041 |
0 |
|
|a slo
|
| 044 |
|
|
|a xo
|c SK
|
| 080 |
|
|
|a 31:519.2(082)
|2 1981
|
| 080 |
|
|
|a 519.2(082)
|2 1981
|
| 111 |
2 |
|
|a Výpočtová štatistika (seminár)
|n (8. :
|d 1999 :
|c Bratislava, Slovensko)
|9 65267
|
| 245 |
1 |
0 |
|a Výpočtová štatistika
|b 8. medzinárodný seminár, Bratislava, 2.-3.12.1999 : zborník príspevkov
|c [zostavili: Jozef Chajdiak, Ján Luha]
|
| 260 |
|
|
|a [Bratislava]
|b Slovenská štatistická a demografická spoločnosť
|c 1999
|
| 300 |
|
|
|a 170 s.
|b grafy, sch., tab.
|c 30 cm
|
| 500 |
|
|
|a Čiast. text čes. a angl.
|
| 500 |
|
|
|a Údaj o zost. prevzatý z tiráže
|
| 500 |
|
|
|a 100 výt.
|
| 504 |
|
|
|a Bibliogr. odkazy
|
| 650 |
0 |
7 |
|a výpočtová štatistika
|2 SNK
|9 66703
|
| 655 |
|
7 |
|a zbierky
|2 SNK
|9 70533
|
| 700 |
1 |
|
|a Chajdiak, Jozef,
|d 1952-2019
|4 com
|9 211046
|
| 700 |
1 |
|
|a Luha, Ján,
|d 1947-2018
|4 com
|9 189995
|
| 919 |
|
|
|a 80-88946-03-4
|
| 958 |
|
|
|a TL
|
| 958 |
|
|
|a NB
|
| 999 |
|
|
|c 809153
|d 811083
|
| 952 |
|
|
|t P60, <03>, [BOOK], {603}
|a SNK
|b SNK
|y PREZ
|7 0
|p 17A0224106
|o snkSB 61262
|i snkKSP 322/2000
|0 0
|1 0
|4 0
|d 2000-01-11
|f 1
|l 0
|r 2025-04-15 00:00:00
|w 2026-02-24
|
| 952 |
|
|
|t P60, <04>, [BOOK], {604}
|a SNK
|b SNK
|y VYP
|7 0
|p 17A0224105
|o snkSB 61262 D1
|i snkKSP 323/2000
|0 0
|1 0
|4 0
|d 2000-01-11
|l 0
|r 2005-01-02 00:00:00
|w 2026-02-24
|